Histoire du drapeau de la République Démocratique du Congo - Statistiques

Statistiques générales
  • Ce quiz a été pris 105 fois
  • Le résultat moyen est 4 sur 6
Statistiques - réponses
Hint Réponse % Correct
Zaïre (1971-1997)
85%
Troisième drapeau de la république démocratique du Congo (drapeau actuel depuis 2006)
84%
Deuxième drapeau de la république du Congo-Léopoldville (1963-1971)
55%
Royaume du Kongo (1390-1885)
51%
Premier drapeau de la république du Congo-Léopoldville (1960-1963) et premier drapeau de la république démocratique du Congo (1997-2006)
44%
État indépendant du Congo (1885-1908) et Congo Belge (1908-1960)
40%
Aucun quiz correspondant
Distribution des résultats
% des personnes avec chaque résultat
Percentile par nombre de réponses
Votre historique - résultats
Vous n’avez pas pris ce quiz